000 00934cam a22002651 4500
001 sa 68013151
003 DLC
005 20260227112620.0
008 920403s1968 ii 000 0 eng
010 _asa 68013151
035 _a(OCoLC)25589085
040 _aDLC
_cWaU
_dWU
_dDLC
041 1 _aengtam
_htam
042 _apremarc
050 0 0 _aPN6519.T3
_bN5
245 0 0 _aSix hundred parallel proverbs in Tamil & English =
_bĀrāynteṭutta ar̲unūr̲u pal̲amol̲ikaḷum avar̲r̲ir̲kēr̲r̲a āṅkilap pal̲amol̲ikaḷum.
250 _a[1st ed.]
260 _c1968.
300 _a56 p. ;
_c19 cm.
500 _aEnglish and Tamil.
650 0 _aProverbs, Tamil.
700 2 _aNīlāmpikai Ammaiyār, Tiruvaraṅka,
_d1903-1945.
740 0 _aĀrāynteṭutta ar̲unūr̲u pal̲amol̲ikaḷum avar̲r̲ir̲kēr̲r̲a āṅkilap pal̲amol̲ikaḷum.
740 0 _aSix hundred parallel proverbs in Tamil and English.
999 _c84959
_d84959